Anatomy of communalism / (Record no. 136367)

MARC details
000 -LEADER
fixed length control field 01044nam a22002177a 4500
010 ## - LIBRARY OF CONGRESS CONTROL NUMBER
LC control number A-895488
020 ## - INTERNATIONAL STANDARD BOOK NUMBER
International Standard Book Number 8170249317
Terms of availability 4000.00(set)
035 ## - SYSTEM CONTROL NUMBER
System control number A-895488
037 ## - SOURCE OF ACQUISITION
Stock number Cen Lib/Ret
040 ## - CATALOGING SOURCE
Original cataloging agency DPL
Language of cataloging EN
082 ## - DEWEY DECIMAL CLASSIFICATION NUMBER
Classification number 302.14
Item number SHA
245 ## - TITLE STATEMENT
Title Anatomy of communalism /
Statement of responsibility, etc by Sita Ram Sharma
260 ## - PUBLICATION, DISTRIBUTION, ETC. (IMPRINT)
Place of publication, distribution, etc New Delhi
Name of publisher, distributor, etc APH Publishingh Corporation
Date of publication, distribution, etc 1998.
270 ## - ADDRESS
Address 5, Ansari Road, Darya Ganj
City New Delhi
Postal code 110002
300 ## - PHYSICAL DESCRIPTION
Extent 6 v.; (v 1. 382 ; v 2. 300 ; v 3. 233 ; v 4. 278 ; v. 5 249 ; v 6. 238)
500 ## - GENERAL NOTE
General note 6 v. ; v 1. Historical perspectives on communalism (avalibale) ; v. 2. Politics and government of communalism (avalibale) ; v. 3. Indian Muslim League and communalism (avalibale) ; v 4. Mohammad Ali Jinnah and communal leadership (avalibale) ; v 5. An analysis of Hindu-Muslim conflict in India (avalibale) ; v. 6. Hindu communalism (avalibale)<br/><br/><br/><br/>
650 ## - SUBJECT ADDED ENTRY--TOPICAL TERM
Topical term or geographic name as entry element Communalism -- India.
650 ## - SUBJECT ADDED ENTRY--TOPICAL TERM
Topical term or geographic name as entry element Communalism -- Pakistan.
700 ## - ADDED ENTRY--PERSONAL NAME
Personal name Sharma, Sita Ram
942 ## - ADDED ENTRY ELEMENTS (KOHA)
Source of classification or shelving scheme Dewey Decimal Classification
Koha item type English Books
Classification part 302.14
Call number suffix SHA
Holdings
Withdrawn status Lost status Materials specified (bound volume or other part) Damaged status Not for loan Collection code Home library Current library Date acquired Source of acquisition Cost, normal purchase price Total Checkouts Full call number Barcode Date last seen Copy number Cost, replacement price Price effective from Koha item type
    v.1   Not For Loan Reference Central Library Central Library 27/02/2016 Cen Lib/Ret 4000.00   302.14 SHA A-895488 27/02/2016 1 4000.00 27/02/2016 English Books
    v.2   Not For Loan Reference Central Library Central Library 27/02/2016 Cen Lib/Ret 4000.00   302.14 SHA A-900154 27/02/2016 2 4000.00 27/02/2016 English Books
    v.3   Not For Loan Reference Central Library Central Library 27/02/2016 Cen Lib/Ret 4000.00   302.14 SHA A-900155 27/02/2016 3 4000.00 27/02/2016 English Books
    v.4   Not For Loan Reference Central Library Central Library 27/02/2016 Cen Lib/Ret 4000.00   302.14 SHA A-900156 27/02/2016 4 4000.00 27/02/2016 English Books
    v.5   Not For Loan Reference Central Library Central Library 27/02/2016 Cen Lib/Ret 4000.00   302.14 SHA A-900157 27/02/2016 5 4000.00 27/02/2016 English Books
    v.6   Not For Loan Reference Central Library Central Library 27/02/2016 Cen Lib/Ret 4000.00   302.14 SHA A-900158 27/02/2016 6 4000.00 27/02/2016 English Books

© Delhi Public Library
Hit Counter
free hit counter